00389nam a22001217a 4500020001800000082001200018100001900030245010700049260003100156300001000187650003200197650003800229 a9789389143515 aK9 G715 aGottlieb, Lori aMaybe you should talk to someone: a therapist, her therapist, and our lives revealedcby Lori Gottlieb aNew DelhibAmaryllisc2019 a415p. aPsychotherapist - Biography aTherapist and patient - Biography